000 00579nam a22002297a 4500
003 UA-OsUOA
001 92904
007 ta
008 20130102b un ||||| |||| 00| 0 ukr d
100 _aБелов С.
090 _a821.161.2
_bБ43
942 _cBK
040 _aUA-OsUOA
_brus
_cUA-OsUOA
_dUA-OsUOA
245 _aСтремянная, 12
300 _a158 с.
955 _a3
041 _arus
080 _a821.161.2
260 _aМ.
_bПолитиздат
_c1986
650 7 _a82 Література. Літературознавство
_2UDC
999 _c379492
_d379492